[Event "DEM U12 2005"]
[Site "Willingen GER"]
[Date "2005.05.19"]
[Round "8"]
[White "Kaphle, Stephan"]
[Black "Zelbel, Patrick"]
[Result "0-1"]
[Termination "normal"]
[Board "1"]
[WhiteElo "1954"]
[BlackElo "1927"]
[PlyCount "113"]
[WhiteFideId "24629103"]
[BlackFideId "24624322"]
[EventCountry "GER"]
[EventRounds "11"]
[EventType "swiss"]
[EventDate "2005.05.15"]

1. e4 e5 2. Nf3 Nc6 3. Bb5 a6 4. Ba4 Nf6 5. O-O Be7 6. Re1 b5 7. Bb3 d6 8. c3
O-O 9. h3 Nb8 10. d4 Nbd7 11. Nbd2 Bb7 12. Bc2 Re8 13. Nf1 Bf8 14. Ng3 g6 15.
Bg5 h6 16. Be3 Bg7 17. Qd2 h5 18. Bh6 Bh8 19. a4 c5 20. d5 c4 21. Ne2 Nc5 22.
Nc1 Qd7 23. a5 Rac8 24. Nh2 Rc7 25. f3 Bc8 26. Kh1 Bg7 27. Rg1 Kh7 28. Be3 Rh8
29. Ra3 Qe7 30. b3 cxb3 31. Nxb3 Nxb3 32. Bxb3 Nd7 33. Bc2 Nc5 34. Qe2 Bd7 35.
Rb1 Rhc8 36. Nf1 Bh6 37. Bxh6 Kxh6 38. Qd2+ Kg7 39. Ne3 Qd8 40. Nd1 Qh4 41. Qe2
Qd8 42. Ne3 Nb7 43. Qd2 Rc5 44. c4 Qc7 45. cxb5 Bxb5 46. Bd1 Rc3 47. Rba1 Rxa3
48. Rxa3 Qc5 49. Nc2 Qc4 50. Kh2 Qc5 51. Kh1 Qc7 52. Kh2 Qd8 53. Kh1 Rc5 54.
Nb4 Nxa5 55. Be2 Bxe2 56. Qxe2 Qb6 57. Nd3 0-1

[Event "DEM U12 2005"]
[Site "Willingen GER"]
[Date "2005.05.19"]
[Round "8"]
[White "Wittke, Rene"]
[Black "Graf, Felix"]
[Result "0-1"]
[Termination "normal"]
[Board "2"]
[WhiteElo "1612"]
[BlackElo "2152"]
[PlyCount "194"]
[WhiteFideId "24640255"]
[BlackFideId "24608904"]
[EventCountry "GER"]
[EventRounds "11"]
[EventType "swiss"]
[EventDate "2005.05.15"]

1. e4 e6 2. d4 d5 3. Nc3 Bb4 4. e5 c5 5. Bd2 Ne7 6. dxc5 Ng6 7. Qg4 Bxc5 8. Nf3
Nc6 9. Bd3 Qc7 10. Nb5 Qb8 11. O-O-O a6 12. Nc3 Bd7 13. Rhe1 Qc7 14. h4 O-O-O
15. Bxg6 hxg6 16. Re2 Rh5 17. Qf4 Rf5 18. Qg4 Kb8 19. Na4 Ba7 20. Nc3 Be8 21.
Kb1 Rc8 22. Bc1 Ka8 23. Qh3 d4 24. Ne4 Nxe5 25. Nxe5 Qxe5 26. Ng3 Qb5 27. Red2
Rd5 28. Ne2 Rcd8 29. Qf3 Qd7 30. Rd3 Qe7 31. g3 Bb5 32. R3d2 Bxe2 33. Qxe2 Qc5
34. Rd3 e5 35. f3 f6 36. g4 Qc6 37. Qe4 Rc5 38. c3 Qxe4 39. fxe4 Rc7 40. Be3
Rcd7 41. cxd4 Bxd4 42. Bxd4 exd4 43. Kc2 Rh8 44. Rh1 Re8 45. Re1 f5 46. gxf5
gxf5 47. e5 Rde7 48. Rxd4 Rxe5 49. Rxe5 Rxe5 50. Rd7 Re2+ 51. Kc3 Rg2 52. Rf7
g6 53. a3 Rg4 54. Rf6 Kb8 55. b3 Kc7 56. h5 gxh5 57. Rxf5 h4 58. Rh5 Kd6 59. a4
Rg3+ 60. Kc4 h3 61. b4 Ra3 62. a5 Rg3 63. b5 Rg4+ 64. Kd3 axb5 65. Rxh3 Ra4 66.
Rh7 Kc6 67. Rh6+ Kc7 68. Rh7+ Kb8 69. Kc3 Ka7 70. Rh8 Rxa5 71. Kb4 b6 72. Rh7+
Ka6 73. Rg7 Ra4+ 74. Kb3 Rh4 75. Ka3 b4+ 76. Ka4 b5+ 77. Kb3 Ka5 78. Ra7+ Kb6
79. Rg7 Ka6 80. Rf7 Rd4 81. Rh7 Kb6 82. Rh6+ Ka5 83. Rh8 Rd3+ 84. Kc2 Rg3 85.
Ra8+ Kb6 86. Rb8+ Kc6 87. Rc8+ Kb7 88. Rc5 Kb6 89. Rh5 b3+ 90. Kb2 Ka5 91. Ka3
b2+ 92. Kxb2 Ka4 93. Rh8 Rg2+ 94. Kc3 b4+ 95. Kc4 Rc2+ 96. Kd3 Kb3 97. Rb8 Rc3+
0-1

[Event "DEM U12 2005"]
[Site "Willingen GER"]
[Date "2005.05.19"]
[Round "8"]
[White "Zimmermann, Gordon"]
[Black "Grimm, Pascal"]
[Result "1-0"]
[Termination "normal"]
[Board "3"]
[WhiteElo "1686"]
[BlackElo "1838"]
[PlyCount "43"]
[WhiteFideId "24624330"]
[BlackFideId "24620122"]
[EventCountry "GER"]
[EventRounds "11"]
[EventType "swiss"]
[EventDate "2005.05.15"]

1. e4 c5 2. Nf3 Nc6 3. d4 cxd4 4. Nxd4 g6 5. Nc3 Bg7 6. Be3 Nf6 7. Bc4 O-O 8.
f3 d6 9. Qd2 Bd7 10. O-O-O a6 11. g4 b5 12. Bb3 Na5 13. h4 Nxb3+ 14. axb3 Qa5
15. Kb1 b4 16. Na2 Rfb8 17. h5 gxh5 18. gxh5 Kf8 19. Rdg1 e6 20. Nc6 Bxc6 21.
Qxd6+ Ke8 22. Qxc6+ 1-0

[Event "DEM U12 2005"]
[Site "Willingen GER"]
[Date "2005.05.19"]
[Round "8"]
[White "Lobmeyer, Fabian"]
[Black "Schäfer, Alexander"]
[Result "1/2-1/2"]
[Termination "normal"]
[Board "4"]
[WhiteElo "1616"]
[BlackElo "2035"]
[PlyCount "106"]
[WhiteFideId "24659681"]
[BlackFideId "24615196"]
[EventCountry "GER"]
[EventRounds "11"]
[EventType "swiss"]
[EventDate "2005.05.15"]

1. d4 Nf6 2. c4 c5 3. d5 e6 4. Nc3 exd5 5. cxd5 d6 6. e4 g6 7. Bb5+ Nfd7 8. f4
Bg7 9. Nf3 O-O 10. O-O a6 11. Bd3 Qc7 12. Rb1 c4 13. Be2 b5 14. a3 Nc5 15. Nd2
Nbd7 16. Qc2 Re8 17. Re1 a5 18. Nxb5 Qb6 19. Nxc4 Qxb5 20. Nxd6 Qb6 21. Nc4 Qa7
22. Be3 Qb8 23. Nd2 Ba6 24. b4 axb4 25. axb4 Nxe4 26. Nxe4 Bxe2 27. Rxe2 f5 28.
Ng3 Rxe3 29. Rxe3 Bd4 30. Qf2 Qb6 31. Nf1 Nf6 32. Rbe1 Ng4 33. Qf3 Ra3 34. Kh1
Nxe3 35. Nxe3 Bxe3 36. h3 Qd4 37. d6 Ra1 38. Qf1 Rxe1 39. Qxe1 Kf7 40. d7 Ke7
41. Qh4+ Kxd7 42. Qxh7+ Kd8 43. Qg8+ Ke7 44. Qh7+ Kf8 45. Qh6+ Kf7 46. Qh7+ Qg7
47. Qxg7+ Kxg7 48. g3 Kf6 49. Kg2 Ke6 50. Kf3 Bd4 51. g4 Kd5 52. h4 Kc4 53. h5
gxh5 1/2-1/2

[Event "DEM U12 2005"]
[Site "Willingen GER"]
[Date "2005.05.19"]
[Round "8"]
[White "Specht, Christian"]
[Black "Gadschisade, Machmud"]
[Result "1/2-1/2"]
[Termination "normal"]
[Board "5"]
[WhiteElo "1568"]
[BlackElo "1676"]
[PlyCount "24"]
[WhiteFideId "24647985"]
[BlackFideId "4647734"]
[EventCountry "GER"]
[EventRounds "11"]
[EventType "swiss"]
[EventDate "2005.05.15"]

1. e4 e5 2. Nf3 d6 3. d4 Nd7 4. c4 Ngf6 5. Nc3 Be7 6. Be2 O-O 7. O-O c6 8. Qc2
a5 9. Rd1 exd4 10. Nxd4 Nc5 11. e5 Ng4 12. exd6 Qxd6 1/2-1/2

[Event "DEM U12 2005"]
[Site "Willingen GER"]
[Date "2005.05.19"]
[Round "8"]
[White "Ma, Beini"]
[Black "Huhnstock, Rico"]
[Result "1-0"]
[Termination "normal"]
[Board "6"]
[WhiteElo "1630"]
[BlackElo "1424"]
[PlyCount "45"]
[WhiteFideId "24630101"]
[BlackFideId "24642932"]
[EventCountry "GER"]
[EventRounds "11"]
[EventType "swiss"]
[EventDate "2005.05.15"]

1. e4 c5 2. Nc3 Nc6 3. Nf3 g6 4. d4 cxd4 5. Nxd4 Bg7 6. Be3 d6 7. Qd2 Nf6 8. f3
O-O 9. O-O-O Bd7 10. Kb1 Rc8 11. h4 Ne5 12. h5 Nxh5 13. Bh6 e6 14. Bxg7 Kxg7
15. g4 Nf6 16. Qh6+ Kg8 17. Be2 Re8 18. g5 Nh5 19. f4 Nc6 20. Bxh5 gxh5 21.
Rxh5 Ne7 22. Qxh7+ Kf8 23. Qh6+ 1-0

[Event "DEM U12 2005"]
[Site "Willingen GER"]
[Date "2005.05.19"]
[Round "8"]
[White "Aslan, Benjamin"]
[Black "Kotainy, Jens"]
[Result "1-0"]
[Termination "normal"]
[Board "7"]
[WhiteElo "1507"]
[BlackElo "1624"]
[PlyCount "81"]
[WhiteFideId "24640298"]
[BlackFideId "24670499"]
[EventCountry "GER"]
[EventRounds "11"]
[EventType "swiss"]
[EventDate "2005.05.15"]

1. d4 Nf6 2. c4 e6 3. g3 d5 4. Bg2 Bb4+ 5. Bd2 Bxd2+ 6. Nxd2 O-O 7. Ngf3 b6 8.
O-O Bb7 9. Qc2 Nbd7 10. Rfd1 Qe7 11. cxd5 Nxd5 12. e4 Nb4 13. Qxc7 Bc6 14. Ne5
Rfc8 15. Nxc6 Nxc6 16. Qf4 Nxd4 17. Kf1 e5 18. Qg4 Nc5 19. Rac1 Rd8 20. Nf3
Nxf3 21. Qxf3 Rxd1+ 22. Rxd1 Rd8 23. Rxd8+ Qxd8 24. Ke2 Qd7 25. Qc3 f6 26. Qd2
Qb5+ 27. Ke3 Ne6 28. Qd5 Qxd5 29. exd5 Nd8 30. Kd3 Kf8 31. Kc4 a6 32. d6 f5 33.
Bh3 Nf7 34. Kd5 g6 35. Kc6 Ke8 36. Kc7 e4 37. b4 b5 38. Kc6 Ne5+ 39. Kb6 Nc4+
40. Kxa6 Nxd6 41. Bf1 1-0

[Event "DEM U12 2005"]
[Site "Willingen GER"]
[Date "2005.05.19"]
[Round "8"]
[White "Friedrich, Wiede"]
[Black "Braun, Georg"]
[Result "1-0"]
[Termination "normal"]
[Board "8"]
[WhiteElo "1739"]
[BlackElo "1493"]
[PlyCount "67"]
[WhiteFideId "24629537"]
[BlackFideId "24629383"]
[EventCountry "GER"]
[EventRounds "11"]
[EventType "swiss"]
[EventDate "2005.05.15"]

1. e4 e6 2. d3 d5 3. Nd2 Nf6 4. g3 dxe4 5. dxe4 Be7 6. Bg2 c5 7. Ngf3 b6 8. O-O
Bb7 9. Re1 Nxe4 10. Ne5 Nxf2 11. Kxf2 Qd4+ 12. Kf1 Ba6+ 13. c4 f6 14. Re4 Qd6
15. Qh5+ g6 16. Nxg6 Qd3+ 17. Kg1 hxg6 18. Qxh8+ Kd7 19. Qg8 Qd6 20. Re2 Qd4+
21. Kf1 Bxc4 22. Nxc4 Qxc4 23. Bxa8 Qg4 24. Qxb8 Qf5+ 25. Kg2 Bd6 26. Rd2 Qe5
27. Qb7+ Ke8 28. Qc8+ Ke7 29. Bc6 Kf7 30. Qd7+ Be7 31. Qe8+ Kg7 32. Qxe7+ Kh6
33. Rd4+ g5 34. Rh4+ 1-0

[Event "DEM U12 2005"]
[Site "Willingen GER"]
[Date "2005.05.19"]
[Round "8"]
[White "Grünter, Martin"]
[Black "Wang, Zhangxian"]
[Result "1/2-1/2"]
[Termination "normal"]
[Board "9"]
[WhiteElo "1574"]
[BlackElo "1734"]
[PlyCount "73"]
[WhiteFideId "24640352"]
[EventCountry "GER"]
[EventRounds "11"]
[EventType "swiss"]
[EventDate "2005.05.15"]

1. e4 c6 2. d4 d5 3. Nc3 dxe4 4. Nxe4 Nf6 5. Nxf6+ gxf6 6. c3 Bf5 7. Ne2 e6 8.
Ng3 Bg6 9. Bf4 Bd6 10. Bxd6 Qxd6 11. h4 h5 12. a4 Nd7 13. Be2 O-O-O 14. Nxh5
Qd5 15. Nf4 Qe4 16. Nxg6 fxg6 17. Qd3 Qf4 18. g3 Qh6 19. a5 Qg7 20. Qc4 Rhe8
21. a6 Nb6 22. axb7+ Qxb7 23. Qa2 Kb8 24. Qa6 Qc7 25. Kf1 e5 26. dxe5 Rxe5 27.
Rd1 Red5 28. Rxd5 Rxd5 29. h5 gxh5 30. Rxh5 Rxh5 31. Bxh5 Ka8 32. Bf3 Kb8 33.
b3 Qd6 34. Kg2 Qe6 35. c4 Qd6 36. Bg4 Qb4 37. Qa2 1/2-1/2

[Event "DEM U12 2005"]
[Site "Willingen GER"]
[Date "2005.05.19"]
[Round "8"]
[White "Lingl, Xenia"]
[Black "Schmitt, Philipp"]
[Result "1-0"]
[Termination "normal"]
[Board "11"]
[WhiteElo "1363"]
[BlackElo "1705"]
[PlyCount "79"]
[BlackFideId "24641766"]
[EventCountry "GER"]
[EventRounds "11"]
[EventType "swiss"]
[EventDate "2005.05.15"]

1. e4 e6 2. d4 d5 3. Nd2 c5 4. c3 cxd4 5. cxd4 dxe4 6. Nxe4 Bb4+ 7. Nc3 Nf6 8.
Nf3 O-O 9. Bg5 Qa5 10. Qc2 Nd5 11. Bd2 Bd7 12. Bd3 h6 13. O-O Rc8 14. Rfc1 Qd8
15. Ne5 Bd6 16. Re1 Bxe5 17. Rxe5 Nc6 18. Re4 f5 19. Ree1 Nxd4 20. Qd1 Nf6 21.
Bf4 Nd5 22. Nxd5 exd5 23. Re5 Ne6 24. Rxf5 Nxf4 25. Rxf4 Bc6 26. Qh5 Be8 27.
Qf5 g6 28. Qf8+ Kh7 29. Re1 Rc7 30. Re6 Qg5 31. Rxe8 Rxe8 32. Rf7+ Rxf7 33.
Qxf7+ Kh8 34. Qxe8+ Kg7 35. Qd7+ Kg8 36. Qxb7 Qc1+ 37. Bf1 Qc5 38. g3 Kf8 39.
Bd3 g5 40. Bg6 1-0

[Event "DEM U12 2005"]
[Site "Willingen GER"]
[Date "2005.05.19"]
[Round "8"]
[White "Hager, Joshua Aarash"]
[Black "Kusmierek, Kasper"]
[Result "1/2-1/2"]
[Termination "normal"]
[Board "12"]
[WhiteElo "1632"]
[BlackElo "1543"]
[PlyCount "78"]
[WhiteFideId "24642789"]
[EventCountry "GER"]
[EventRounds "11"]
[EventType "swiss"]
[EventDate "2005.05.15"]

1. e4 e6 2. d4 d5 3. e5 c5 4. c3 Qb6 5. Nf3 Nc6 6. Bd3 cxd4 7. cxd4 Nh6 8. Nc3
Bd7 9. Bb1 Bb4 10. O-O Rc8 11. a3 Qa5 12. Bxh6 gxh6 13. Qd3 Ne7 14. Rc1 Ng6 15.
Nd2 Nf4 16. Qe3 Bxc3 17. Nb3 Bxd4 18. Rxc8+ Bxc8 19. Nxd4 Ng6 20. b4 Qb6 21.
Bd3 Rg8 22. Rc1 Bd7 23. Rc5 a6 24. Nf3 Bc6 25. Qxh6 d4 26. Nxd4 Nxe5 27. Qxh7
Rxg2+ 28. Kf1 Nxd3 29. Qxd3 Rxh2 30. Nxc6 bxc6 31. Qf3 a5 32. Qxc6+ Qxc6 33.
Rxc6 axb4 34. axb4 Rh1+ 35. Ke2 Rb1 36. Rc4 Kd7 37. Ke3 Kd6 38. f3 Re1+ 39. Kf2
Rb1 1/2-1/2

[Event "DEM U12 2005"]
[Site "Willingen GER"]
[Date "2005.05.19"]
[Round "8"]
[White "Dünzel, Jonas"]
[Black "Kartsev, Alexandr"]
[Result "0-1"]
[Termination "normal"]
[Board "13"]
[WhiteElo "1516"]
[BlackElo "1600"]
[PlyCount "82"]
[WhiteFideId "24631167"]
[BlackFideId "24647110"]
[EventCountry "GER"]
[EventRounds "11"]
[EventType "swiss"]
[EventDate "2005.05.15"]

1. e4 d5 2. exd5 Nf6 3. d4 Nxd5 4. c4 Nb6 5. Nc3 e5 6. Be3 exd4 7. Qxd4 Qxd4 8.
Bxd4 Be6 9. b3 Nc6 10. Bxb6 axb6 11. O-O-O Ba3+ 12. Kb1 Nb4 13. f3 Bf5+ 14. Ne4
O-O 15. g4 Rfd8 16. Be2 Bg6 17. Nh3 f5 18. gxf5 Bxf5 19. Nhf2 Nc6 20. Bd3 Ne5
21. Be2 Rxd1+ 22. Nxd1 Nd7 23. Bd3 Nc5 24. Bc2 Nxe4 25. Bxe4 Bxe4+ 26. fxe4 Bb4
27. Kb2 Re8 28. a3 Bd6 29. Nc3 Be5 30. Re1 Bxh2 31. Nd5 Be5+ 32. Kc2 h6 33. b4
Ra8 34. Kb3 Rf8 35. Ne7+ Kh7 36. Nf5 g6 37. Ne7 Rf3+ 38. Ka2 Rf2+ 39. Kb1 Rb2+
40. Kc1 Ra2 41. Rf1 Ra1+ 0-1

[Event "DEM U12 2005"]
[Site "Willingen GER"]
[Date "2005.05.19"]
[Round "8"]
[White "Mohr, Fides"]
[Black "Stahnecker, Wieland"]
[Result "1-0"]
[Termination "normal"]
[Board "14"]
[WhiteElo "1476"]
[BlackElo "1576"]
[PlyCount "87"]
[BlackFideId "4694481"]
[EventCountry "GER"]
[EventRounds "11"]
[EventType "swiss"]
[EventDate "2005.05.15"]

1. d4 Nf6 2. c4 e6 3. Nc3 Bb4 4. Qc2 c5 5. dxc5 O-O 6. Nf3 Na6 7. a3 Bxc3+ 8.
Qxc3 Nxc5 9. e3 b6 10. Be2 Bb7 11. O-O Rc8 12. b4 Nce4 13. Qb3 Qe7 14. Bb2 d5
15. Rfd1 Rc7 16. Rac1 Rfc8 17. Be5 Nd6 18. Nd4 dxc4 19. Bxc4 Bd5 20. Bxd6 Qxd6
21. Nb5 Qc6 22. Nxc7 Qxc7 23. h3 h6 24. Bxd5 Qxc1 25. Bxe6 Qxd1+ 26. Qxd1 fxe6
27. Qd6 Kh7 28. Qxe6 Rc7 29. Qf5+ Kh8 30. e4 Rc3 31. e5 Ng8 32. a4 Ra3 33. Qd7
Rb3 34. b5 Rb4 35. Qxa7 Re4 36. Qxb6 Rxe5 37. a5 Rg5 38. a6 Rg6 39. Qxg6 h5 40.
Qxh5+ Nh6 41. a7 Kh7 42. a8=Q g6 43. Qb7+ Kg8 44. Qxg6+ 1-0

[Event "DEM U12 2005"]
[Site "Willingen GER"]
[Date "2005.05.19"]
[Round "8"]
[White "Fittkau, Nico"]
[Black "Berchtenbreiter, Maximilian"]
[Result "0-1"]
[Termination "normal"]
[Board "15"]
[WhiteElo "1369"]
[BlackElo "1631"]
[PlyCount "62"]
[BlackFideId "24641120"]
[EventCountry "GER"]
[EventRounds "11"]
[EventType "swiss"]
[EventDate "2005.05.15"]

1. e4 c5 2. Nf3 e6 3. c3 Nf6 4. e5 Nd5 5. d4 cxd4 6. cxd4 Nc6 7. Nc3 Nxc3 8.
bxc3 d6 9. Bg5 Qa5 10. Bd2 dxe5 11. dxe5 Nxe5 12. Be2 Bd6 13. O-O Bd7 14. a4
O-O 15. Be3 Qc7 16. h3 Nxf3+ 17. Bxf3 Bc6 18. Be2 Rfd8 19. Qc2 Bf4 20. Bxf4
Qxf4 21. Bd3 h6 22. Rfe1 Qg5 23. Be4 Rd2 24. Qc1 Bxe4 25. Rxe4 Rad8 26. Re3 Qd5
27. Re1 b6 28. Rf1 Qc5 29. Ra3 Re2 30. Ra1 Rdd2 31. Qa3 Rxf2 0-1

[Event "DEM U12 2005"]
[Site "Willingen GER"]
[Date "2005.05.19"]
[Round "8"]
[White "Blübaum, Johanna"]
[Black "Günnigmann, Manuel"]
[Result "0-1"]
[Termination "normal"]
[Board "16"]
[WhiteElo "1542"]
[BlackElo "1625"]
[PlyCount "104"]
[WhiteFideId "24647373"]
[BlackFideId "24640360"]
[EventCountry "GER"]
[EventRounds "11"]
[EventType "swiss"]
[EventDate "2005.05.15"]

1. d4 Nf6 2. c4 d6 3. Nc3 Nbd7 4. Nf3 e5 5. Bg5 Be7 6. e3 Ng8 7. Bxe7 Nxe7 8.
Qc2 c6 9. Bd3 g6 10. O-O O-O 11. Rad1 Qc7 12. Rfe1 f5 13. dxe5 dxe5 14. e4 f4
15. b4 b6 16. Qb3 Kg7 17. Na4 h6 18. Qb2 g5 19. h3 Ng6 20. Nc3 Qd8 21. Be2 h5
22. h4 g4 23. Ng5 Kh6 24. Rd6 Rf6 25. g3 Qe7 26. Red1 Kg7 27. Qd2 Ngf8 28. b5
cxb5 29. cxb5 Nc5 30. Rxf6 Qxf6 31. Nd5 Qd6 32. gxf4 exf4 33. Qxf4 Qxf4 34.
Nxf4 Nfe6 35. Nxh5+ Kh6 36. Nxe6 Bxe6 37. Nf4 Bxa2 38. Rd6+ Kg7 39. Nh5+ Kf7
40. Bxg4 Rg8 41. Nf6 Nxe4 42. Nxg8 Nxd6 43. Nh6+ Kg6 44. Kg2 Kxh6 45. Be2 Bc4
46. Bxc4 Nxc4 47. Kf3 Nd6 48. Kf4 Nxb5 49. Ke5 Kh5 50. f4 Kxh4 51. f5 Kg5 52.
f6 Kg6 0-1

[Event "DEM U12 2005"]
[Site "Willingen GER"]
[Date "2005.05.19"]
[Round "8"]
[White "Osmanodja, Bilgin"]
[Black "Brumme, Jan"]
[Result "1/2-1/2"]
[Termination "normal"]
[Board "17"]
[WhiteElo "1574"]
[BlackElo "1487"]
[PlyCount "83"]
[EventCountry "GER"]
[EventRounds "11"]
[EventType "swiss"]
[EventDate "2005.05.15"]

1. e4 e5 2. Nf3 Nc6 3. Bb5 a6 4. Ba4 b5 5. Bb3 Nf6 6. O-O Bc5 7. c3 d6 8. d4
exd4 9. cxd4 Bb6 10. Re1 O-O 11. Bg5 h6 12. Bxf6 Qxf6 13. e5 dxe5 14. dxe5 Qe7
15. Nc3 Be6 16. Rc1 Bxb3 17. Qxb3 Nb4 18. Red1 c5 19. a3 Nc6 20. Rd6 c4 21. Qc2
Qb7 22. Nd5 Rfd8 23. Nxb6 Qxb6 24. Rcd1 Rxd6 25. Rxd6 Rd8 26. Qe4 Rxd6 27. exd6
Nd8 28. Qe8+ Kh7 29. d7 Qd6 30. h3 Qf6 31. Ne5 g6 32. Ng4 Qb6 33. Qf8 h5 34.
Ne5 Qf6 35. Qe8 Kg7 36. Nf3 a5 37. Kf1 b4 38. Qe2 c3 39. bxc3 bxc3 40. Qc2 Qc6
41. Nd4 Qc5 42. Ne2 1/2-1/2

[Event "DEM U12 2005"]
[Site "Willingen GER"]
[Date "2005.05.19"]
[Round "8"]
[White "Petermann, Michail"]
[Black "Hartmann, Nicolas"]
[Result "0-1"]
[Termination "normal"]
[Board "18"]
[WhiteElo "1551"]
[BlackElo "1474"]
[PlyCount "96"]
[WhiteFideId "24643530"]
[BlackFideId "24626481"]
[EventCountry "GER"]
[EventRounds "11"]
[EventType "swiss"]
[EventDate "2005.05.15"]

1. Nc3 c5 2. e4 Nc6 3. f4 g6 4. g3 Bg7 5. Bg2 e6 6. d3 Nge7 7. Be3 d6 8. Nge2
Nd4 9. O-O O-O 10. Nc1 Rb8 11. Nb3 b5 12. Rb1 b4 13. Ne2 Nxe2+ 14. Qxe2 a5 15.
d4 a4 16. Nc1 cxd4 17. Bf2 Bd7 18. Rd1 Nc6 19. Nd3 Qc7 20. h3 Rfc8 21. g4 Ne7
22. Rbc1 f5 23. Bh4 Nc6 24. exf5 exf5 25. Bd5+ Kh8 26. Qf3 Re8 27. gxf5 Re3 28.
Qg2 gxf5 29. Kh1 Ne7 30. Rg1 Ng6 31. Rce1 Bb5 32. Nxb4 Nxh4 33. Qh2 Rbe8 34.
Rxe3 Rxe3 35. a3 Be2 36. Rg3 Bf3+ 37. Bxf3 Re1+ 38. Rg1 Nxf3 39. Rxe1 Nxh2 40.
Re8+ Bf8 41. Rxf8+ Kg7 42. Rxf5 Nf3 43. Rd5 Qe7 44. Kg2 Nh4+ 45. Kg3 Ng6 46.
Rf5 Qe3+ 47. Kg4 Qg1+ 48. Kh5 Qg3 0-1

[Event "DEM U12 2005"]
[Site "Willingen GER"]
[Date "2005.05.19"]
[Round "8"]
[White "Hubbuch, Fabian"]
[Black "Bräuer, Franz"]
[Result "0-1"]
[Termination "normal"]
[Board "19"]
[WhiteElo "1452"]
[BlackElo "1546"]
[PlyCount "118"]
[BlackFideId "24634468"]
[EventCountry "GER"]
[EventRounds "11"]
[EventType "swiss"]
[EventDate "2005.05.15"]

1. e4 e5 2. Nf3 Nc6 3. d4 exd4 4. Nxd4 Qh4 5. Nc3 Bb4 6. Be2 a6 7. O-O Bxc3 8.
bxc3 Nge7 9. Nxc6 Nxc6 10. Re1 O-O 11. Qd5 h6 12. Bb2 d6 13. f3 Be6 14. Qd2
Rad8 15. c4 f5 16. Qc3 Qg5 17. f4 Qe7 18. exf5 Bxf5 19. Bg4 Qd7 20. Bxf5 Rxf5
21. Re4 Rdf8 22. Rae1 Rxf4 23. Rxf4 Rxf4 24. Re8+ Rf8 25. Re3 Ne5 26. Qd2 Qf7
27. Qe2 Re8 28. Bxe5 dxe5 29. Rxe5 Rxe5 30. Qxe5 Qxc4 31. c3 Qxa2 32. Qe8+ Kh7
33. Qe4+ Kh8 34. Qxb7 Qa1+ 35. Kf2 Qxc3 36. Qxa6 Qd4+ 37. Kg3 Qe5+ 38. Kh3 c5
39. Qc4 Kh7 40. Qf7 Qc3+ 41. Kg4 Qd4+ 42. Kf3 Qd3+ 43. Kf2 c4 44. Qf3 Qxf3+ 45.
Kxf3 Kg6 46. Ke3 Kf5 47. Kd4 Kf4 48. Kxc4 Ke3 49. Kd5 Kf2 50. g4 Kf3 51. h3 Kg3
52. Ke5 Kxh3 53. Kf4 g5+ 54. Kf5 Kg3 55. Kg6 Kxg4 56. Kxh6 Kf4 57. Kh5 g4 58.
Kh4 g3 59. Kh3 Kf3 0-1

[Event "DEM U12 2005"]
[Site "Willingen GER"]
[Date "2005.05.19"]
[Round "8"]
[White "Billing, Alexander"]
[Black "Weissbeck, Simon"]
[Result "0-1"]
[Termination "normal"]
[Board "21"]
[WhiteElo "1728"]
[BlackElo "1439"]
[PlyCount "86"]
[WhiteFideId "24624420"]
[BlackFideId "24646865"]
[EventCountry "GER"]
[EventRounds "11"]
[EventType "swiss"]
[EventDate "2005.05.15"]

1. e4 e6 2. d3 c5 3. Nd2 Nc6 4. g3 g6 5. Bg2 Bg7 6. Ngf3 Nge7 7. O-O O-O 8. Re1
d6 9. c3 Bd7 10. Nc4 Qc7 11. Bf4 e5 12. Bg5 Be6 13. Qd2 b5 14. Na3 a6 15. Bh6
b4 16. Nc2 a5 17. Bxg7 Kxg7 18. h4 Rfb8 19. Ne3 bxc3 20. bxc3 Ra7 21. Nh2 Rab7
22. Neg4 Ng8 23. h5 Rb2 24. h6+ Kf8 25. Qg5 Qe7 26. Qxe7+ Kxe7 27. a4 Rc2 28.
Rac1 Rxc1 29. Rxc1 Rb3 30. f4 Ra3 31. f5 Ba2 32. fxg6 fxg6 33. Nf3 Nf6 34. Nxf6
Kxf6 35. Rf1 Ke7 36. Ng5 Bg8 37. Rb1 Rb3 38. Rxb3 Bxb3 39. Nxh7 Bxa4 40. Ng5
Kf8 41. Ne6+ Kg8 42. g4 Bb3 43. c4 a4 0-1

[Event "DEM U12 2005"]
[Site "Willingen GER"]
[Date "2005.05.19"]
[Round "8"]
[White "Weber, Raphael"]
[Black "Meyer, Stephan"]
[Result "1-0"]
[Termination "normal"]
[Board "22"]
[WhiteElo "1721"]
[BlackElo "1395"]
[PlyCount "101"]
[WhiteFideId "24644110"]
[EventCountry "GER"]
[EventRounds "11"]
[EventType "swiss"]
[EventDate "2005.05.15"]

1. e4 c5 2. Nf3 Nc6 3. Bb5 Nf6 4. Bxc6 bxc6 5. d3 d5 6. e5 Nd7 7. Bf4 e6 8. O-O
Be7 9. Nc3 O-O 10. Qd2 f6 11. exf6 Nxf6 12. Bg3 Bd6 13. Bxd6 Qxd6 14. h3 Bd7
15. Ne2 Rfe8 16. Rfe1 Re7 17. Ng3 e5 18. Re2 Rae8 19. Rae1 g6 20. Qg5 e4 21.
dxe4 Nxe4 22. Nxe4 Rxe4 23. Rxe4 Rxe4 24. Rxe4 dxe4 25. Nd2 Qd4 26. Qd8+ Kf7
27. Nxe4 Qxe4 28. Qxd7+ Qe7 29. Qxe7+ Kxe7 30. Kf1 Kd6 31. Ke2 Ke5 32. Ke3 h6
33. f4+ Kf5 34. g4+ Ke6 35. Ke4 a6 36. f5+ gxf5+ 37. gxf5+ Kf6 38. c4 a5 39. b3
h5 40. h4 Kf7 41. Ke5 Ke7 42. f6+ Kf7 43. Kf5 Kf8 44. Ke6 Ke8 45. f7+ Kf8 46.
a4 Kg7 47. Ke7 Kg6 48. f8=Q Kh7 49. Qf5+ Kg7 50. Qg5+ Kh7 51. Kf7 1-0

[Event "DEM U12 2005"]
[Site "Willingen GER"]
[Date "2005.05.19"]
[Round "8"]
[White "Schiffner, Kevin"]
[Black "Ohnmacht, Simon"]
[Result "1/2-1/2"]
[Termination "normal"]
[Board "24"]
[WhiteElo "1429"]
[BlackElo "1516"]
[PlyCount "26"]
[WhiteFideId "24674940"]
[BlackFideId "24672980"]
[EventCountry "GER"]
[EventRounds "11"]
[EventType "swiss"]
[EventDate "2005.05.15"]

1. d4 f5 2. c4 e6 3. Nc3 Nf6 4. Nf3 b6 5. Bf4 Bb7 6. e3 Be7 7. Be2 O-O 8. O-O
d6 9. b4 a5 10. a3 Nh5 11. Bg3 Nxg3 12. hxg3 Rf6 13. d5 e5 1/2-1/2

[Event "DEM U12 2005"]
[Site "Willingen GER"]
[Date "2005.05.19"]
[Round "8"]
[White "Höfer, Michael"]
[Black "Mertens, Fridolin"]
[Result "1-0"]
[Termination "normal"]
[Board "25"]
[WhiteElo "1507"]
[BlackElo "1443"]
[PlyCount "109"]
[WhiteFideId "24668850"]
[BlackFideId "24671940"]
[EventCountry "GER"]
[EventRounds "11"]
[EventType "swiss"]
[EventDate "2005.05.15"]

1. e4 c5 2. Nf3 d6 3. d4 cxd4 4. Nxd4 Nf6 5. Nc3 a6 6. Be3 e5 7. Nf3 Be6 8. Be2
Be7 9. O-O O-O 10. Qd2 Nbd7 11. Ng5 b5 12. Nxe6 fxe6 13. a4 b4 14. Na2 Nxe4 15.
Qxb4 d5 16. Qe1 a5 17. f3 Nec5 18. Bb5 Nb7 19. Bf2 Nd6 20. Bxd7 Qxd7 21. Nc3
Bf6 22. Bc5 Qc6 23. Bxd6 Qxd6 24. Rc1 Qb6+ 25. Kh1 Qxb2 26. Nb5 Qb4 27. Ra1
Qxe1 28. Raxe1 Rac8 29. c3 Rc4 30. Ra1 Rd8 31. Rfe1 e4 32. fxe4 Rxe4 33. Rxe4
dxe4 34. g3 e3 35. Re1 Rd3 36. c4 Bc3 37. Re2 Bd2 38. c5 Rd5 39. c6 Rc5 40. c7
Kf7 41. Nd6+ Kf6 42. c8=Q Rxc8 43. Nxc8 Ke5 44. Kg2 Ke4 45. Nb6 Kd3 46. Kf1 e5
47. h4 e4 48. g4 h6 49. h5 Kc3 50. Nd5+ Kd3 51. Ne7 Bc3 52. Nf5 Bd2 53. Nxg7
Bc3 54. Nf5 Bd2 55. Nxh6 1-0